000 00762nas a2200265 4500
001 BR9104398
003 BR-BrBNA
005 20231205092203.0
007 ta
008 230509b bl.|||p| |||| 00| 00por d
040 _aBR-BrBNA
_bpor
_cBiblioteca Nacional de Agricultura
041 _a(Pt)
072 _aL73
100 1 _aRodrigues, P.C.
245 1 _aEpidemiologia da febre aftosa em ecossistema endemico
650 _aGADO DE CORTE
650 _aDOENCA ANIMAL
650 _aVIRUS
650 _aEPIDEMIOLOGIA
650 _aAFTOSA
650 _aEPIDEMIA
773 0 _tArquivos Fluminenses de Medicina veterinaria (Brazil)
_x(Pt)
_g(Oct-Dec 1987), v. 2(4) p. 109-110
_wBR9104398
909 _a202311
_bLúcia
_c55
_dLúcia Elande
942 _2AGRIS
_n0
_cANA
999 _c129951
_d129951